000 00663nam a2200253Ia 4500
001 52031
005 20240114005248.0
007 ta
008 100312s2001 a g b000 u 465 u
020 _a981-02-4598-x
040 _aCotton College,Guwah
041 _a465
082 _a519.2
_bMi 628 Pr
100 _aMills, T.M. .
245 0 _aProblems In Probability /
_cT.M.Mills.
_hTextual Documents
250 _a1st ed. /
260 _aN.Jersey :
_bWorld Scientific ,
_c@2001.
300 _a181 :
_bIllus. ;
504 _aBibliography,Index
653 _aStatistics,Probability
942 _2ddc
_cBK
999 _c51995
_d51995